000 00652nam a2200229 i 4500
003 DO-SdUEMH
005 20260123174027.0
007 ta
008 260123s1997 dr a|||gr|||| 00| 0 spa d
040 _aDO-SdUEMH
_bspa
_erda
041 _aspa
082 1 4 _mRD
245 _aCódigo de Trabajo de la República Dominicana ley 16-92
250 _aOctava edición
264 1 _aSanto Domingo, República Dominicana :
_bDalis,
_c1997
264 4 _c©1997
300 _a388 páginas :
_bilustraciones ;
_c23 cm.
336 _2rdacontent
_atexto
_btxt
337 _2rdamedia
_asin mediación
_bn
338 _2rdacarrier
_avolumen
_bnc
942 _2ddc
_cBK
_n0
999 _c18358
_d18358